000 01157cam a2200301 i 4500
001 j 66000897
003 DLC
005 20260227111521.0
008 990713s1961 ja a l000 0 jpn
010 _aj 66000897
035 _a(CStRLIN)DCLP99-B8711
040 _aDLC
_cDLC-R
_dDLC-R
_dDLC
050 0 0 _aHC463.O9
_bA5
066 _c$1
110 1 _6880-01
_aOwase-shi (Japan).
_bShiyakusho.
245 1 0 _6880-02
_aShōwa 34-nen no shimin keizai :
_bshimin shotoku suikei o chūshi ni shite.
260 _6880-03
_a[Owase] :
_bMie-ken Owase Shiyakusho,
_c1961.
300 _a86 p. :
_bill. ;
_c26 cm.
500 _aCover title.
500 _aIn colophon: Hakkō sekininsha Owase-shi Shōkō Suisanka.
650 0 _aIncome
_zOwase-shi (Japan)
650 0 _aCost and standard of living
_zOwase-shi (Japan)
710 1 _6880-04
_aOwase-shi (Japan).
_bShōkō Suisanka.
880 1 _6110-01/$1
_a尾鷲市 (Japan).
_b市役所.
880 1 0 _6245-02/$1
_a昭和 34年の市民経済 :
_b市民所得推計を中心にして.
880 _6260-03/$1
_a[尾鷲] :
_b三重県尾鷲市役所,
_c1961.
880 1 _6710-04/$1
_a尾鷲市 (Japan).
_b商工水産課.
999 _c35077
_d35077